|
|
|
|
| LEADER |
00000ny a22000003n 4500 |
| 005 |
20110511150335.0 |
| 006 |
s r p s a0 |
| 007 |
cr cnu---m|a|a |
| 008 |
030424c2003 si fr p j f0 0eng c |
| 010 |
|
|
|a 2004234085
|
| 022 |
|
|
|a 0219-7472
|
| 022 |
|
|
|a 0219-8614
|
| 035 |
|
|
|a 3097
|
| 040 |
|
|
|a WaSeSS
|d vLex
|
| 090 |
|
|
|c 1711
|d 1711
|
| 245 |
3 |
0 |
|a China
|h [Recurso electrn̤ico]
|b an international journal
|
| 246 |
3 |
3 |
|a China (National University of Singapore. East Asian Institute)
|
| 246 |
3 |
3 |
|a China.
|
| 246 |
3 |
3 |
|a CIJ.
|
| 256 |
|
|
|a Servicio en ln̕ea.
|
| 260 |
|
|
|a Singapore :
|b Singapore University Press :
|b World Scientific
|
| 310 |
|
|
|a Semestral
|
| 506 |
1 |
|
|a Contenido solo disponible en los productos indicados
|d vLex Global
|d vLex Global (Academic Edition, excluding Law Schools)
|d vLex Global (Academic Edition, Law Schools)
|
| 650 |
0 |
4 |
|a China
|x Publicaciones perid̤icas
|
| 650 |
0 |
4 |
|a Hong Kong (china)
|x Publicaciones perid̤icas
|
| 650 |
0 |
4 |
|a Taiwan
|x Publicaciones perid̤icas
|
| 710 |
2 |
|
|a National University of Singapore.
|b East Asian Institute
|
| 740 |
0 |
|
|a vLex Revista (Servicios en ln̕ea)
|
| 843 |
|
|
|a Electrn̤ica. Abierta
|
| 853 |
|
|
|8 1
|i (year)
|j (month)
|k (day)
|
| 856 |
4 |
0 |
|z Acceso restringido
|u http://vlex.com/account/login_ip?fuente_id=3097
|
| 942 |
|
|
|c REV
|
| 999 |
|
0 |
|a China
|v Periodicals.
|
| 999 |
|
0 |
|a Hong Kong (China)
|v Periodicals.
|
| 999 |
|
0 |
|a Taiwan periodicals.
|